[Event "New Star Super m"]
[Site "Beijing"]
[Date "2019.12.11"]
[Round "3.4"]
[White "Wang, Yanbin"]
[Black "Xu, Xiangyu"]
[Result "1/2-1/2"]
[WhiteElo "2220"]
[BlackElo "2441"]
[PlyCount "205"]
[EventDate "2019.12.09"]
[EventType "k.o. (rapid)"]
[EventRounds "5"]
[EventCountry "CHN"]
[SourceTitle "EXT 2021"]
[Source "ChessBase"]
[SourceDate "2020.10.23"]
[SourceVersion "1"]
[SourceVersionDate "2020.10.23"]
[SourceQuality "1"]

1. Nf3 d5 2. g3 g6 3. Bg2 Bg7 4. 0-0 e5 5. d3 Ne7 6. Nbd2 0-0 7. e4 Nbc6 8. Re1 a5 9. a4 Re8 10. c3 h6 11. exd5 Nxd5 12. Nc4 Nb6 13. Nxb6 cxb6 14. Be3 Be6 15. d4 exd4 16. Nxd4 Nxd4 17. Bxd4 Bxd4 18. cxd4 Qd7 19. d5 Bh3 20. Bxh3 Qxh3 21. Qd4 Qd7 22. d6 Qc6 23. Rec1 Qe4 24. Qxe4 Rxe4 25. d7 Rf8 26. Rc7 Rd4 27. Re1 Kg7 28. Rxb7 Rd8 29. Rxb6 Rxa4 30. Rd6 Kf8 31. Rd2 Rb4 32. Rc1 Rb7 33. Rc5 Rdxd7 34. Rxd7 Rxd7 35. Rxa5 Rb7 36. Ra2 h5 37. Kf1 Ke7 38. Ke2 Rb3 39. Kd1 Rf3 40. b4 Rb3 41. Re2+ Kd6 42. Re4 Rb2 43. Rf4 f5 44. Ke1 Kd5 45. Kf1 Rc2 46. Kg2 Ke5 47. h4 Rb2 48. Rc4 Kd5 49. Rc5+ Ke4 50. Rc6 Rxb4 51. Rxg6 f4 52. Re6+ Kf5 53. Rh6 Ke4 54. gxf4 Kxf4 55. Rxh5 Kg4 56. Rh8 Rb2 57. h5 Ra2 58. h6 Kg5 59. Kg3 Ra3+ 60. f3 Rb3 61. h7 Kg6 62. Kg4 Kg7 63. Rg8+ Kxh7 64. Rg5 Kh6 65. f4 Rb1 66. Kf3 Rb3+ 67. Ke4 Rb4+ 68. Ke3 Rb3+ 69. Kd4 Rb4+ 70. Ke3 Rb3+ 71. Ke4 Rb4+ 72. Kf3 Rb3+ 73. Kg4 Rb1 74. Kh3 Rf1 75. Kg4 Rb1 76. Kf3 Rb3+ 77. Ke4 Rb4+ 78. Ke3 Rb3+ 79. Kd4 Rb4+ 80. Ke3 Rb3+ 81. Ke4 Rb4+ 82. Kf3 Rb3+ 83. Kg4 Rb1 84. Ra5 Kg6 85. Ra6+ Kf7 86. Kg5 Rb5+ 87. f5 Rb7 88. Rh6 Rb1 89. Rh7+ Kg8 90. Rc7 Rb6 91. Kf4 Kf8 92. Rd7 Ra6 93. Ke5 Rb6 94. Rh7 Ra6 95. Kf4 Rb6 96. Kg5 Ra6 97. Rh8+ Kf7 98. Rb8 Rc6 99. Rb7+ Kf8 100. Ra7 Rb6 101. Rc7 Ra6 102. Rb7 Rc6 103. Kf4 1/2-1/2

[Event "New Star Super m"]
[Site "Beijing"]
[Date "2019.12.11"]
[Round "3.1"]
[White "Xu, Xiangyu"]
[Black "Wang, Yanbin"]
[Result "1/2-1/2"]
[WhiteElo "2441"]
[BlackElo "2220"]
[PlyCount "127"]
[EventDate "2019.12.09"]
[EventType "k.o. (rapid)"]
[EventRounds "5"]
[EventCountry "CHN"]
[SourceTitle "EXT 2021"]
[Source "ChessBase"]
[SourceDate "2020.10.23"]
[SourceVersion "1"]
[SourceVersionDate "2020.10.23"]
[SourceQuality "1"]

1. d4 Nf6 2. Bf4 d6 3. Nc3 g6 4. e4 Bg7 5. Qd2 c6 6. Nf3 Bg4 7. Be2 Nbd7 8. h3 Bxf3 9. Bxf3 e5 10. Be3 Qe7 11. d5 Nb6 12. Be2 0-0 13. a4 cxd5 14. exd5 Rfc8 15. 0-0 Nfd7 16. a5 Nc4 17. Bxc4 Rxc4 18. Ra4 Rxa4 19. Nxa4 Qd8 20. Ra1 Qc7 21. Qc3 Qxc3 22. Nxc3 a6 23. Ra3 Rc8 24. Rb3 Rc7 25. Kf1 f5 26. f3 Kf7 27. Ke2 Ke8 28. Kd2 Kd8 29. Bb6 Nxb6 30. Rxb6 Rd7 31. Kd3 Bf6 32. Rb4 Kc8 33. Na4 Kb8 34. Rc4 Rc7 35. Rxc7 Kxc7 36. b4 Bh4 37. Ke2 Bg5 38. c4 Bc1 39. Kd3 Ba3 40. Kc3 Bc1 41. Kc2 Be3 42. Kd3 Bf2 43. Kd2 Bd4 44. Ke2 Kd7 45. Kd3 Bf2 46. Nc3 Kc7 47. Kd2 Bd4 48. Ne2 Bf2 49. Nc1 b6 50. axb6+ Kxb6 51. Nb3 Bg1 52. Ke2 h5 53. g4 hxg4 54. hxg4 Kc7 55. Kd3 Bf2 56. gxf5 gxf5 57. c5 dxc5 58. bxc5 a5 59. d6+ Kd7 60. Kc4 a4 61. Nc1 e4 62. fxe4 fxe4 63. Kd5 Bxc5 64. Kxc5 1/2-1/2

[Event "World ol U16"]
[Site "Konya"]
[Date "2018.11.30"]
[Round "6.4"]
[White "Kacharava, Nikoloz"]
[Black "Wang, Yanbin"]
[Result "0-1"]
[WhiteElo "2356"]
[BlackElo "2220"]
[PlyCount "84"]
[EventDate "2018.11.25"]
[EventType "team-swiss"]
[EventRounds "9"]
[EventCountry "TUR"]
[SourceTitle "CBM 187 Extra"]
[Source "ChessBase"]
[SourceDate "2018.11.04"]
[SourceVersion "1"]
[SourceVersionDate "2018.11.04"]
[SourceQuality "1"]
[WhiteTeam "Georgia"]
[BlackTeam "China"]
[WhiteTeamCountry "GEO"]
[BlackTeamCountry "CHN"]

1. e4 c5 2. Nf3 Nc6 3. d4 cxd4 4. Nxd4 Nf6 5. Nc3 d6 6. f3 e5 7. Nb3 Be7 8. Be3 0-0 9. Qd2 Be6 10. Nd5 Bxd5 11. exd5 Nb8 12. Bd3 Nbd7 13. 0-0 a5 14. a4 Qc7 15. c4 Rfe8 16. Qf2 g6 17. Nd2 Nh5 18. Rfb1 f5 19. g3 f4 20. gxf4 exf4 21. Bd4 Bf6 22. Ne4 Bxd4 23. Qxd4 Nc5 24. Ra2 Re5 25. b3 Qg7 26. Rg2 Rae8 27. Qc3 Nxe4 28. Bxe4 Nf6 29. b4 axb4 30. Rxb4 Qc7 31. c5 dxc5 32. Rc2 b6 33. Qb3 Rg5+ 34. Kh1 Qe5 35. d6+ Kh8 36. d7 Rd8 37. Qb2 Rxd7 38. h4 cxb4 39. hxg5 Rd1+ 40. Kh2 Qxg5 41. Rc8+ Kg7 42. Rc7+ Kh6 0-1

[Event "Wch U16"]
[Site "Porto Carras"]
[Date "2018.10.24"]
[Round "6"]
[White "Zhalmakhanov, Ramazan"]
[Black "Wang, Yanbin"]
[Result "1-0"]
[WhiteElo "2316"]
[BlackElo "2220"]
[PlyCount "101"]
[EventDate "2018.10.20"]
[EventType "swiss"]
[EventRounds "11"]
[EventCountry "GRE"]
[SourceTitle "CBM 187 Extra"]
[Source "ChessBase"]
[SourceDate "2018.11.04"]
[SourceVersion "1"]
[SourceVersionDate "2018.11.04"]
[SourceQuality "1"]

1. e4 c5 2. Nf3 Nc6 3. d4 cxd4 4. Nxd4 Nf6 5. Nc3 d6 6. Bg5 Bd7 7. Qd2 Nxd4 8. Qxd4 Qa5 9. Bd2 Qc7 10. f3 a6 11. 0-0-0 Rc8 12. g4 e5 13. Qf2 h6 14. Be3 Be6 15. Kb1 Be7 16. Nd5 Bxd5 17. exd5 Nd7 18. h4 Bf6 19. Bd3 g6 20. h5 g5 21. Bf5 b5 22. Rd3 Qb7 23. Qd2 Rc7 24. Rc3 Nb6 25. Rxc7 Qxc7 26. b3 0-0 27. Rd1 Rb8 28. Qa5 Qb7 29. Be4 Bd8 30. Qb4 Bc7 31. Qc3 Nc8 32. f4 b4 33. Qb2 Bb6 34. Bxb6 Qxb6 35. fxe5 Qe3 36. Bf5 Qe2 37. Qc1 dxe5 38. d6 Na7 39. d7 Rd8 40. Rd2 Qf3 41. Rd3 Qf4 42. Qg1 Nc6 43. Qb6 e4 44. Rd1 Qf3 45. Re1 Qc3 46. Rxe4 a5 47. Qc7 a4 48. bxa4 Kg7 49. Qd6 Qf6 50. Qxf6+ Kxf6 51. Re8 1-0

[Event "Wch U16"]
[Site "Porto Carras"]
[Date "2018.10.23"]
[Round "5"]
[White "Wang, Yanbin"]
[Black "Baenziger, Fabian"]
[Result "1/2-1/2"]
[WhiteElo "2220"]
[BlackElo "2355"]
[PlyCount "81"]
[EventDate "2018.10.20"]
[EventType "swiss"]
[EventRounds "11"]
[EventCountry "GRE"]
[SourceTitle "CBM 187 Extra"]
[Source "ChessBase"]
[SourceDate "2018.11.04"]
[SourceVersion "1"]
[SourceVersionDate "2018.11.04"]
[SourceQuality "1"]

1. c4 g6 2. Nc3 Bg7 3. g3 Nf6 4. Bg2 0-0 5. d4 c5 6. d5 d6 7. Nf3 e6 8. dxe6 Bxe6 9. Ng5 Nc6 10. Nxe6 fxe6 11. 0-0 Qe7 12. Bf4 Rad8 13. Qd2 Kh8 14. Bxc6 bxc6 15. Rad1 d5 16. Bg5 Qc7 17. Qd3 Qe5 18. Bxf6 Qxf6 19. e4 Qd4 20. cxd5 Qxd3 21. Rxd3 c4 22. Rd2 cxd5 23. exd5 exd5 24. Nxd5 Bxb2 25. Rxb2 Rxd5 26. Rc1 Rc8 27. Rc3 Rd3 28. Rxd3 cxd3 29. Rd2 Rc2 30. Rxd3 Rxa2 31. Rd7 Kg8 32. Kg2 h5 33. Kf3 Kf8 34. h4 Kg8 35. Ke4 Rxf2 36. Rxa7 Rf5 37. Rd7 Ra5 38. Kf4 Rf5+ 39. Ke4 Ra5 40. Kf4 Rf5+ 41. Ke4 1/2-1/2

[Event "Wch U16"]
[Site "Porto Carras"]
[Date "2018.10.21"]
[Round "2"]
[White "Olsen, Filip Boe"]
[Black "Wang, Yanbin"]
[Result "1/2-1/2"]
[WhiteElo "2335"]
[BlackElo "2220"]
[PlyCount "158"]
[EventDate "2018.10.20"]
[EventType "swiss"]
[EventRounds "11"]
[EventCountry "GRE"]
[SourceTitle "CBM 187 Extra"]
[Source "ChessBase"]
[SourceDate "2018.11.04"]
[SourceVersion "1"]
[SourceVersionDate "2018.11.04"]
[SourceQuality "1"]

1. d4 Nf6 2. c4 e6 3. Nc3 Bb4 4. e3 Bxc3+ 5. bxc3 d6 6. Bd3 Nc6 7. Ne2 Qe7 8. e4 e5 9. f3 h6 10. 0-0 g5 11. Be3 b6 12. c5 dxc5 13. Bb5 Bd7 14. dxc5 Qe6 15. cxb6 axb6 16. c4 Na5 17. Bxd7+ Nxd7 18. c5 Nc4 19. Bf2 bxc5 20. Qb3 Nd6 21. Qxe6+ fxe6 22. a4 Ke7 23. Rfc1 Ra5 24. Be1 Ra6 25. Bf2 Nb7 26. h4 Rha8 27. hxg5 hxg5 28. Nc3 Nd6 29. Be3 Kf6 30. Kf2 Ra5 31. Rh1 Kg6 32. Rh3 Nb6 33. Rah1 Nf7 34. Rc1 Nc4 35. Rb1 Rd8 36. Rb5 Rd3 37. Rxa5 Nxa5 38. Nb5 c6 39. Nc7 c4 40. Nxe6 Ra3 41. Rh1 Ra2+ 42. Kg3 Re2 43. Bb6 Nb3 44. Rb1 Ra2 45. a5 Kf6 46. Nc7 Nd6 47. Na6 Nd2 48. Rc1 c3 49. Nb4 Ra4 50. Bd8+ Ke6 51. Nd3 Rc4 52. a6 Nb5 53. Bxg5 Nb3 54. Rb1 N3d4 55. Ra1 Na7 56. Ra5 Ndb5 57. Kf2 c2 58. Be3 Kd6 59. Ke2 Nd4+ 60. Bxd4 exd4 61. Ra1 Rc3 62. Kd2 Nb5 63. Nc1 Na3 64. a7 Nb1+ 65. Ke2 d3+ 66. Nxd3 Rxd3 67. a8Q c1Q 68. Qd8+ Ke6 69. Qe8+ Kd6 70. Qf8+ Ke6 71. Qf5+ Kd6 72. Qf6+ Kc5 73. Qe5+ Kc4 74. Qe6+ Kb5 75. Qe5+ Kc4 76. Qe6+ Kb5 77. Qe5+ Kc4 78. Qe6+ Kb5 79. Qe5+ Kc4 1/2-1/2

[Event "China zt 3.5"]
[Site "Daqing"]
[Date "2018.08.17"]
[Round "8"]
[White "Wang, Yanbin"]
[Black "Zou, Chen"]
[Result "1/2-1/2"]
[WhiteElo "2229"]
[BlackElo "2381"]
[PlyCount "79"]
[EventDate "2018.08.13"]
[EventType "swiss"]
[EventRounds "11"]
[EventCountry "CHN"]
[SourceTitle "CBM 186 Extra"]
[Source "ChessBase"]
[SourceDate "2018.08.24"]
[SourceVersion "1"]
[SourceVersionDate "2018.08.24"]
[SourceQuality "1"]

1. Nf3 Nf6 2. g3 d5 3. Bg2 e6 4. 0-0 Be7 5. d3 0-0 6. Nbd2 c5 7. e4 Nc6 8. Qe2 b5 9. c4 bxc4 10. dxc4 Ba6 11. b3 Qb6 12. Bb2 Rad8 13. Rfe1 dxe4 14. Nxe4 Nxe4 15. Qxe4 Nd4 16. Ne5 f5 17. Qb1 Bb7 18. Bxd4 Rxd4 19. Bxb7 Qxb7 20. Qc2 Rfd8 21. Rad1 Bf6 22. Rxd4 Rxd4 23. Nd3 Re4 24. Qd1 Bd4 25. Nf4 Rxe1+ 26. Qxe1 e5 27. Nd5 h6 28. Qe2 Qf7 29. Kg2 Kh7 30. Qd3 g6 31. Qd2 Kg7 32. Qa5 f4 33. f3 fxg3 34. hxg3 e4 35. f4 g5 36. Qe1 gxf4 37. Nxf4 e3 38. Qe2 Qf5 39. Qd3 Qxd3 40. Nxd3 1/2-1/2

[Event "China zt 3.5"]
[Site "Daqing"]
[Date "2018.08.14"]
[Round "3"]
[White "Chen, Qi B"]
[Black "Wang, Yanbin"]
[Result "1-0"]
[WhiteElo "2415"]
[BlackElo "2229"]
[PlyCount "67"]
[EventDate "2018.08.13"]
[EventType "swiss"]
[EventRounds "11"]
[EventCountry "CHN"]
[SourceTitle "CBM 186 Extra"]
[Source "ChessBase"]
[SourceDate "2018.08.24"]
[SourceVersion "1"]
[SourceVersionDate "2018.08.24"]
[SourceQuality "1"]

1. e4 c5 2. Nf3 d6 3. d4 cxd4 4. Nxd4 Nf6 5. Nc3 Nc6 6. Bg5 Bd7 7. Qd2 Rc8 8. f4 Nxd4 9. Qxd4 Qa5 10. e5 Rxc3 11. Qxc3 Qxc3+ 12. bxc3 Ne4 13. Bd3 Nxg5 14. fxg5 e6 15. Rb1 b6 16. Bb5 dxe5 17. Bxd7+ Kxd7 18. Rf1 Ke8 19. a4 Bc5 20. a5 h6 21. axb6 Bxb6 22. c4 hxg5 23. c5 Bd8 24. Rb8 Rh4 25. c6 Rc4 26. Rf2 Ke7 27. Rb7+ Ke8 28. Rfxf7 Rxc6 29. Rxg7 Kf8 30. Rbf7+ Ke8 31. Rxa7 Kf8 32. Rgf7+ Kg8 33. Rfd7 Rc8 34. Ra6 1-0

[Event "China zt 3.5"]
[Site "Daqing"]
[Date "2018.08.13"]
[Round "1"]
[White "Liu, Guanchu"]
[Black "Wang, Yanbin"]
[Result "1-0"]
[WhiteElo "2432"]
[BlackElo "2229"]
[PlyCount "49"]
[EventDate "2018.08.13"]
[EventType "swiss"]
[EventRounds "11"]
[EventCountry "CHN"]
[SourceTitle "CBM 186 Extra"]
[Source "ChessBase"]
[SourceDate "2018.08.24"]
[SourceVersion "1"]
[SourceVersionDate "2018.08.24"]
[SourceQuality "1"]

1. e4 c5 2. Nf3 Nc6 3. Nc3 d6 4. d4 cxd4 5. Nxd4 Nf6 6. Bg5 Bd7 7. Be2 Qa5 8. Bxf6 gxf6 9. 0-0 Nxd4 10. Qxd4 Rc8 11. a4 Qc5 12. Qd2 a6 13. Nd5 Qxc2 14. Qe3 Qc5 15. Qb3 Bc6 16. Rfc1 Qa7 17. Bh5 Kd8 18. Nb6 Rc7 19. Bxf7 Bh6 20. Rc4 a5 21. Rd1 Bg5 22. g3 Bh6 23. Be6 Bg7 24. Rdc1 f5 25. Bd5 1-0

[Event "CHN-chB"]
[Site "Qinhuangdao"]
[Date "2017.07.20"]
[Round "10"]
[White "Yu, Kaifeng"]
[Black "Wang, Yanbin"]
[Result "1-0"]
[WhiteElo "2366"]
[BlackElo "2284"]
[PlyCount "119"]
[EventDate "2017.07.16"]
[EventType "swiss"]
[EventRounds "11"]
[EventCountry "CHN"]
[SourceTitle "CBM 179 Extra"]
[Source "ChessBase"]
[SourceDate "2017.08.23"]
[SourceVersion "1"]
[SourceVersionDate "2017.08.23"]
[SourceQuality "1"]

1. d4 Nf6 2. c4 c5 3. d5 g6 4. Nc3 Bg7 5. e4 d6 6. Bd3 0-0 7. Nge2 e5 8. Bg5 h6 9. Bd2 Nh7 10. Qc1 h5 11. f3 Na6 12. a3 Nc7 13. b4 b6 14. Qc2 Bd7 15. bxc5 bxc5 16. 0-0 Qe7 17. Rab1 Kh8 18. Rb3 h4 19. f4 exf4 20. Bxf4 g5 21. Bd2 Be5 22. Qc1 Bg4 23. Kh1 Ne8 24. Nd1 Ng7 25. Ne3 Bxe2 26. Bxe2 Bf4 27. Qb1 Qe8 28. Bd3 Nf6 29. Bc3 Nfh5 30. Ng4 f6 31. e5 fxe5 32. Bg6 Qd7 33. Bxh5 Nxh5 34. Rb7 Qf5 35. Nh6 Qxb1 36. Rfxb1 Rf6 37. Ng4 Rg6 38. Rd7 Kg8 39. Rbb7 Rf8 40. Kg1 Nf6 41. Rxd6 Kh8 42. Bxe5 Bxe5 43. Nxe5 Rg7 44. Rxg7 Kxg7 45. Ra6 Kg8 46. d6 Rb8 47. d7 Ne4 48. Kf1 h3 49. gxh3 g4 50. hxg4 Rd8 51. Rxa7 Nd2+ 52. Ke2 Nb3 53. Nc6 Nd4+ 54. Nxd4 cxd4 55. c5 Kf7 56. c6 Ke7 57. c7 d3+ 58. Kd2 Rxd7 59. c8Q Rxa7 60. Qc5+ 1-0

[Event "CHN-chB"]
[Site "Harbin"]
[Date "2016.07.19"]
[Round "6"]
[White "Xu, Zhihang"]
[Black "Wang, Yanbin"]
[Result "0-1"]
[WhiteElo "2206"]
[BlackElo "2295"]
[PlyCount "130"]
[EventDate "2016.07.17"]
[EventType "swiss"]
[EventRounds "11"]
[EventCountry "CHN"]
[SourceTitle "CBM 173 Extra"]
[Source "ChessBase"]
[SourceDate "2016.08.29"]
[SourceVersion "1"]
[SourceVersionDate "2016.08.29"]
[SourceQuality "1"]

1. Nf3 c5 2. g3 Nc6 3. Bg2 g6 4. d4 cxd4 5. Nxd4 Bg7 6. Nxc6 bxc6 7. 0-0 Nf6 8. c4 0-0 9. Nc3 Rb8 10. Qd2 Ba6 11. b3 d5 12. cxd5 Nxd5 13. Nxd5 Bxa1 14. Nb4 Bb7 15. Qxd8 Rbxd8 16. Nxc6 Bxc6 17. Bxc6 Rc8 18. Be4 Bf6 19. Be3 a5 20. Bb6 a4 21. bxa4 Rc4 22. Bd5 Rxa4 23. Bb3 Ra6 24. Be3 Rd8 25. Rc1 Bd4 26. Bg5 Ra7 27. Kg2 Kg7 28. Rc6 h6 29. Bc1 Rdd7 30. Rc4 e5 31. Kf3 Rdc7 32. Rxc7 Rxc7 33. Bd2 Rc6 34. e3 Bc3 35. Bxc3 Rxc3 36. Ke2 Rc1 37. Kd2 Ra1 38. h4 e4 39. Bc4 f5 40. Kc3 Kf6 41. Kb2 Rg1 42. a4 Ke7 43. a5 Kd6 44. a6 Kc7 45. Bf7 g5 46. hxg5 hxg5 47. Kc3 Rg2 48. a7 Kb7 49. a8Q+ Kxa8 50. Kd4 Rxf2 51. Be6 g4 52. Ke5 f4 53. exf4 e3 54. Bxg4 e2 55. Bxe2 Rxe2+ 56. Kf5 Kb7 57. g4 Kc7 58. Kg6 Kd7 59. f5 Ke8 60. g5 Kf8 61. Kf6 Ra2 62. Kg6 Kg8 63. Kf6 Ra6+ 64. Ke7 Kg7 65. Ke8 Ra5 0-1